LEADER 01947nas 2200553- 450 001 9910133755103321 005 20241223110702.0 011 $a2197-7909 035 $a(OCoLC)905958803 035 $a(CKB)3350000000000807 035 $a(CONSER)--2016222509 035 $a(MiAaPQ)2046144 035 $a(DE-599)ZDB2806586-4 035 $a(MiFhGG)02P9 035 $a(EXLCZ)993350000000000807 100 $a20150303a20149999 o-- a 101 0 $aeng 135 $aurmnu|||||||| 181 $ctxt$2rdacontent 182 $cc$2rdamedia 183 $acr$2rdacarrier 200 00$aComputational astrophysics and cosmology 210 1$a[Heidelberg, Germany] :$cSpringer International Publishing Ltd,$d2014- 215 $a1 online resource 300 $aRefereed/Peer-reviewed 300 $a"A Springer Open journal." 517 1 $aComp AC 531 $aCOMPUT ASTROPHYS COSMOLOGY 606 $aAstrophysics$xData processing$vPeriodicals 606 $aCosmology$xData processing$vPeriodicals 606 $aAstronomy$xComputer simulation$vPeriodicals 606 $aAstronomy$xMathematical models$vPeriodicals 606 $aAstronomy$xComputer simulation$2fast$3(OCoLC)fst00819682 606 $aAstronomy$xMathematical models$2fast$3(OCoLC)fst00819704 606 $aAstrophysics$xData processing$2fast$3(OCoLC)fst00819802 606 $aCosmology$xData processing$2fast$3(OCoLC)fst00880602 608 $aPeriodicals.$2fast 615 0$aAstrophysics$xData processing 615 0$aCosmology$xData processing 615 0$aAstronomy$xComputer simulation 615 0$aAstronomy$xMathematical models 615 7$aAstronomy$xComputer simulation. 615 7$aAstronomy$xMathematical models. 615 7$aAstrophysics$xData processing. 615 7$aCosmology$xData processing. 906 $aJOURNAL 912 $a9910133755103321 996 $aComputational astrophysics and cosmology$92257438 997 $aUNINA LEADER 03842nam 22007815 450 001 9910437563403321 005 20250507204416.0 010 $a3-642-41142-8 024 7 $a10.1007/978-3-642-41142-7 035 $a(CKB)3710000000019183 035 $a(SSID)ssj0001005215 035 $a(PQKBManifestationID)11582376 035 $a(PQKBTitleCode)TC0001005215 035 $a(PQKBWorkID)11051292 035 $a(PQKB)11520130 035 $a(DE-He213)978-3-642-41142-7 035 $a(MiAaPQ)EBC3092027 035 $a(PPN)172430496 035 $a(EXLCZ)993710000000019183 100 $a20130903d2013 u| 0 101 0 $aeng 135 $aurnn#008mamaa 181 $ctxt 182 $cc 183 $acr 200 10$aArtificial Intelligence Applications and Innovations $e9th IFIP WG 12.5 International Conference, AIAI 2013, Paphos, Cyprus, September 30 -- October 2, 2013, Proceedings /$fedited by Harris Papadopoulos, Andreas S. Andreou, Lazaros S. Iliadis, Ilias Maglogiannis 205 $a1st ed. 2013. 210 1$aBerlin, Heidelberg :$cSpringer Berlin Heidelberg :$cImprint: Springer,$d2013. 215 $a1 online resource (XXVIII, 709 p. 210 illus.) 225 1 $aIFIP Advances in Information and Communication Technology,$x1868-422X ;$v412 300 $aBibliographic Level Mode of Issuance: Monograph 311 08$a3-642-41141-X 327 $aData mining, medical informatics and biomedical engineering -- Problem solving and scheduling -- Modeling and decision support systems -- Robotics -- Intelligent signal and image processing. 330 $aThis book constitutes the refereed proceedings of the 9th IFIP WG 12.5 International Conference on Artificial Intelligence Applications and Innovations, AIAI 2013, held in Paphos, Cyprus, in September/October 2013. The 26 revised full papers presented together with a keynote speech at the main event and 44 papers of 8 colocated workshops were carefully reviewed and selected for inclusion in the volume. The papers of the main event are organized in topical sections on data mining, medical informatics and biomedical engineering, problem solving and scheduling, modeling and decision support systems, robotics, and intelligent signal and image processing. 410 0$aIFIP Advances in Information and Communication Technology,$x1868-422X ;$v412 606 $aArtificial intelligence 606 $aPattern recognition systems 606 $aData mining 606 $aComputer vision 606 $aEducation$xData processing 606 $aApplication software 606 $aArtificial Intelligence 606 $aAutomated Pattern Recognition 606 $aData Mining and Knowledge Discovery 606 $aComputer Vision 606 $aComputers and Education 606 $aComputer and Information Systems Applications 615 0$aArtificial intelligence. 615 0$aPattern recognition systems. 615 0$aData mining. 615 0$aComputer vision. 615 0$aEducation$xData processing. 615 0$aApplication software. 615 14$aArtificial Intelligence. 615 24$aAutomated Pattern Recognition. 615 24$aData Mining and Knowledge Discovery. 615 24$aComputer Vision. 615 24$aComputers and Education. 615 24$aComputer and Information Systems Applications. 676 $a006.3 702 $aPapadopoulos$b Harris$4edt$4http://id.loc.gov/vocabulary/relators/edt 702 $aAndreou$b Andreas S$4edt$4http://id.loc.gov/vocabulary/relators/edt 702 $aIliadis$b Lazaros S$4edt$4http://id.loc.gov/vocabulary/relators/edt 702 $aMaglogiannis$b Ilias$4edt$4http://id.loc.gov/vocabulary/relators/edt 906 $aBOOK 912 $a9910437563403321 996 $aArtificial Intelligence Applications and Innovations$91918852 997 $aUNINA